000 01070cam a2200265 a 4500
005 20150922121423.0
008 970617s1996 ck a b 000 0 spa
020 _a9589578314
040 _aDLC
_cDLC
_dDLC
_dCO-BoIAVH
041 _aspa
044 _ack
082 _a597.0723
_bS16p
100 2 _aSalazar Saldarriaga, Patricia,
_d1966-
245 1 0 _aPeces del llano /
_ctextos, Patricia Salazar Saldarriaga ; fotografía, Cristina Uribe Hurtado, Diego Miguel Garces.
250 _a1a. edición
260 _aBogotá (Colombia) :
_bC. Uribe Editores,
_c1996.
300 _a101, [2] páginas :
_bilustraciones a color ;
_c18 cm.
504 _aIncluye referencias bibliográficas (página 103).
650 0 _aPeces
_zLlanos (Colombia y Venezuela)
650 0 _aPeces
_zLlanos (Colombia y Venezuela)
_xTaxonomía
650 0 _aPeces
_zLlanos (Colombia y Venezuela)
_xClasificación
650 0 _aPeces
_zLlanos (Colombia y Venezuela)
_xObras pictóricas.
700 1 _aUribe-Hurtado, Cristina
_dFotografía
942 _2ddc
_cLIBRO
999 _c3095
_d3095